000 01365nam0a2200361 4500
001 RU\NLR\bibl\289284
005 20260406143018.0
010 _a5-901018-27-3
_92000
021 _aRU
_b2002-13588
_9683
035 _a(NLR Aleph) 000284694
090 _a1666433
_c1666433
100 _a20020711d2002 |||y0rusy50 ca
101 0 _arus
102 _aRU
105 _aa |||||||||
200 1 _aЗаполнение проемов в противопожарных преградах
_eСправ.
_fС.В. Собурь
_gРед. В.И. Кузнецов
210 _aМ.
_cСпецтехника
_d2002
215 _a191 с.
_cил.
_d20
225 1 _aСерия "Пожарная безопасность предприятия"
320 _aБиблиогр.: с. 182-183
606 0 _aПротивопожарные преграды
_jСправочники
_92058773
_3RU\NLR\auth\66950143
610 0 _aПожарная охрана - Справочники
675 _a614.841.345.6
_v3
_zrus
686 _a76.75
_2rugasnti
686 _a38.96
_2rubbk
686 _aН960.1я22
700 1 _4070
_8rus
_7ca
_aСобурь
_bС. В.
_gСергей Викторович
_3RU\NLR\auth\773634
_9113628
801 0 _aRU
_bRKP
_c20020711
_gPSBO
801 1 _aRU
_bRKP
_c20020711
801 2 _aRU
_bNLR
_c20100115
_grcr
942 _cBOOK
980 _aNB